00602 a2200157 450000500170000000800410001702000180005804100120007610000210008824501210010926000360023030000080026694200070027499900190028195201440030020250604164935.0250604b |||||||| |||| 00| 0 eng d a9780143453369 aEnglish aPunia R.9212343 aOperation Khukri b: The True Story Behind The Indian Army’s Most Successful Mission As Part Of The United Nations bPenguin Rendom Hose Indiac2021 a201 cBK c366907d366907 00102ddc4070aCCEPbCCEPd2025-06-04e63g319.20l5o355.354 DAMpCCEP-BK-68941r2025-10-06 12:34:18s2025-09-22v399.00w2025-06-04yBK